00886cam a22002655a 450000500170000000800410001701000130005802000260007103500130009703500200011003700200013004000180015008200060016810000330017424500710020726000290027827000820030730000270038950000180041665000540043465000490048865000330053765000320057070000180060220090121161627.0080922s2007 enk j 000 f eng  aB-358901 a9788128613166c199.00 aB-358901 aB-332992-332330 bBlueberry Books adplbEnglish  aN aJohns, W. E.q(William Earl) aBiggles: chappal wadi /cby W.E. Johns; illustrated by Eric Loutte aMumbaibEuro Booksc2007 aDani Corporate Park, 158 Vidyanagari Marg, Kalina, SantacruzbMumbai e400098 a48p.bill.c31cm.(pbk) agraphic novel aBiggles (Fictitious character)vJuvenile fiction. aAir pilotszGreat BritainvJuvenile fiction. aChildren's stories, English. aAdventure stories, English. aLoutte, Eric